000 00429nam a2200181Ia 4500
001 4069
005 20260306145728.0
008 260306t2002||||xx |||||||||||||| ||spa||
041 _aESP
082 _a306.85
_bH12 Nº 32
100 _aSánchez Vargas, Vidal
_eAUT
245 0 _aTu hijo de 13 a 14 años
260 _c2002
300 _a280 páginas :
_c19 cm.
650 _aGEN
654 _aCED
942 _cLIB
_dJUS
_fJUS
_2ddc
_n
999 _c4069
_d4069